000 00764nam a2200193 a 4500
008 120416s1988 ||||||||||||||||| || u
020 _a0669191795
050 _aHD 58.7 Har
100 _aHarvey, Jerry B
245 1 4 _aThe Abilene paradox and other meditations on management /
260 _aLexington, Mass
_bLexington Books University Associates
_c1988
300 _aviii, 150p.
350 _a0.00
500 _aBibliography: p. [145]-150.
650 _aManagement--Moral and ethical aspects--Humor
650 _aOrganizational behavior--Moral and ethical aspects--Humor
650 0 _aMANAGEMENT
995 _D0.00
_FCBU-MAIN LIBRARY (Kitwe)
_H1
_I19.95
_M1
_UAVAILABLE
_ZMain Library Open Access Collection
999 _c33189
_d33189